| 000 | 00943nam0a22002651 4500 | ||
|---|---|---|---|
| 001 | rc\2248217 | ||
| 005 | 20110829182213.9 | ||
| 035 | _a(NLR Aleph) 006498570 | ||
| 090 |
_a6207193 _c6207193 |
||
| 100 | _a20110829d1978 |||y0rusy50 ca | ||
| 101 | 0 | _arus | |
| 102 | _aRU | ||
| 105 | _ay z ||||| | ||
| 200 | 1 |
_aСборник задач по анализу хозяйственной деятельности _f[Подгот. доц. Л.С. Гаряжа] |
|
| 210 |
_aСвердловск _cУрГУ _d1978 |
||
| 215 |
_a66 с. _d19 |
||
| 300 | _aВ надзаг.: М-во высш. и сред. спец. образования РСФСР, Свердл. юрид. ин-т | ||
| 320 | _aБиблиогр.: с. 65 | ||
| 700 | 1 |
_aГаряжа _bЛ. С. |
|
| 712 | 0 | 2 | _aСвердловский юридический ин-т |
| 801 | 0 |
_aRU _bNLR _gpsbo |
|
| 801 | 1 |
_aRU _bELAR _2rusmarc |
|
| 852 |
_aNLR _j79-4/21996 |
||
| 942 | _cBOOK | ||
| 980 | _aNB | ||